| 000 | 00748nam a22002057a 4500 | ||
|---|---|---|---|
| 999 |
_c27697 _d27697 |
||
| 003 | BDDh-ASL | ||
| 005 | 20231016062617.0 | ||
| 008 | 201104s1978 b ||||| |||| 00| 0 b d | ||
| 040 |
_aBDDh-ASL _cBDDh-ASL _dBDDh-ASL |
||
| 041 | _aben | ||
| 082 |
_a922 _bMIM |
||
| 100 | 1 |
_95876 _aমিত্র, কৃষ্ণকুমার |
|
| 245 | 1 | 0 | _aমহম্মদ চরিত / |
| 246 | _aMohammad Chorita | ||
| 260 |
_aকলিকাতা: _cসাধারণ ব্রাহ্মসমাজ, _b১৯৭৮। |
||
| 300 |
_a২১৫ পৃষ্ঠা, : _c২২ সে.মি.। |
||
| 600 | 1 | 0 |
_95877 _aমহম্মদ, হজরত |
| 650 | 0 |
_abiographical dictionary - চরিতাভিধান _94665 |
|
| 942 |
_2ddc _cBK |
||